00000000nam 2200000zi 4500
0019.947297
003CaOODSP
00520250123133842
006m     o  d f      
007cr cn|||||||||
008250123t20252025oncd    obs  f000 0 eng d
040 |aCaOODSP|beng|erda|cCaOODSP
043 |an-cn-bc
0861 |aCS36-28-0001/2025-1-1E-PDF
1001 |aLeanage, Allison, |eauthor.
24510|aThrough a diverse needs lens: |bhigh school students working toward a Dogwood Diploma or an Evergreen Certificate in British Columbia / |cby Allison Leanage and Rubab Arim.
264 1|a[Ottawa] : |bStatistics Canada = Statistique Canada, |cJanuary 22, 2025.
264 4|c©2025
300 |a1 online resource (11 pages) : |bgraphs.
336 |atext|btxt|2rdacontent
337 |acomputer|bc|2rdamedia
338 |aonline resource|bcr|2rdacarrier
4901 |aEconomic and social reports, |x2563-8955 ; |vv. 5, no. 1, January 2025
500 |aCover title.
500 |aAt head of title: Insights.
500 |aIssued also in French under title: Sous l’angle des divers besoins : les élèves du secondaire qui préparentun diplôme Dogwood ou un certificat Evergreen en Colombie-Britannique.
504 |aIncludes bibliographical references (page 11).
5203 |a"This case study focuses on Grade 12 students aged 15 to 19 years in 2015/2016 in British Columbia, examining disparities in high school completion between students with and without disabilities and diverse abilities (DDAs). It looks particularly at those receiving a Dogwood Diploma (a certificate of graduation) or an Evergreen Certificate (a school completion certificate and not a graduation credential)"--Abstract, page 1.
650 5|aEducation, Secondary|zCanada.
650 0|aHigh school graduates|zBritish Columbia|vStatistics.
650 0|aPeople with disabilities|zCanada|vStatistics.
655 7|aStatistics|2lcgft
7102 |aStatistics Canada, |eissuing body.
77508|tSous l’angle des divers besoins : |w(CaOODSP)9.947302
830#0|aEconomic and social reports (Statistics Canada)|vv. 5, no. 1, January 2025.|w(CaOODSP)9.895760
85640|qPDF|s675 KB|uhttps://publications.gc.ca/collections/collection_2025/statcan/36-28-0001/CS36-28-0001-2025-1-1-eng.pdf
8564 |qHTML|sN/A|uhttps://www150.statcan.gc.ca/n1/pub/36-28-0001/2025001/article/00001-eng.htm
986 |a36-28-0001